[Event "CAN-ch"]
[Site "Kitchener CAN"]
[Date "2007.08.03"]
[Round "4"]
[White "Urquhart, Eddie"]
[Black "Roussel-Roozmon, Thomas"]
[Result "1-0"]
[WhiteElo "2195"]
[BlackElo "2407"]
[PlyCount "147"]
[EventDate "2007.08.01"]
[EventType "swiss"]
[EventRounds "9"]
[EventCountry "CAN"]

1. e4 e5 2. Nf3 Nc6 3. d4 exd4 4. Bc4 Bc5 5. c3 Nf6 6. e5 d5 7. Bb5 Ne4 8. cxd4
Bb6 9. h3 O-O 10. O-O f6 11. Be3 fxe5 12. Bxc6 bxc6 13. Nxe5 Qf6 14. Nd2 Nxd2
15. Qxd2 c5 16. dxc5 Qxe5 17. cxb6 axb6 18. Rfe1 Qd6 19. Bd4 c5 20. Be5 Qc6 21.
Re3 Bf5 22. Rg3 Bg6 23. f4 Ra7 24. a3 d4 25. Rc1 Qd5 26. Kh2 Rff7 27. Re1 Ra4
28. Rg5 Rf5 29. Rxf5 Bxf5 30. Qf2 Ra7 31. Qg3 h6 32. Re2 Kh7 33. Qh4 Qc4 34.
Qe1 Rd7 35. Rd2 Qb3 36. Qg3 Qf7 37. Qf3 Qg6 38. Qg3 Qc6 39. Qf2 Qd5 40. Qg3 Ra7
41. Qf2 Ra4 42. Qe2 Rc4 43. Qh5 Bg6 44. Qh4 Qd7 45. Qg3 Rc1 46. Qf2 Qf5 47. Qh4
Qd7 48. Qg3 Rf1 49. Rf2 Rxf2 50. Qxf2 h5 51. Qd2 Bf5 52. Qe2 g6 53. Qf2 Qd8 54.
Qf3 d3 55. Bc3 d2 56. Qb7+ Qd7 57. Qb8 Qc8 58. Qe5 Qf8 59. Bxd2 Qg7 60. Qe3 Qd4
61. Qe7+ Qg7 62. Qe3 Qd4 63. Qe1 Kg8 64. Qe8+ Kh7 65. Qf7+ Qg7 66. Qb3 Qd4 67.
Be3 Qf6 68. a4 Qe6 69. Qc3 Qc6 70. a5 bxa5 71. Bxc5 Be4 72. Qe5 Qb7 73. Bd4 Kg8
74. Qe8+ 1-0

[Event "Quebec op"]
[Site "Montreal CAN"]
[Date "2007.07.20"]
[Round "1"]
[White "Roussel-Roozmon, Thomas"]
[Black "Saint Amand, Paul"]
[Result "1-0"]
[WhiteElo "2407"]
[BlackElo "2074"]
[PlyCount "64"]
[EventDate "2007.07.20"]
[EventType "swiss"]
[EventRounds "9"]
[EventCountry "CAN"]

1. Nf3 c5 2. c4 Nf6 3. Nc3 Nc6 4. g3 e6 5. Bg2 d5 6. cxd5 Nxd5 7. d4 Be7 8. O-O
O-O 9. Nxd5 exd5 10. dxc5 Bxc5 11. a3 a5 12. Bf4 Bf5 13. Rc1 Ba7 14. Qb3 Qd7
15. Rfd1 Rfd8 16. Ne5 Nxe5 17. Bxe5 a4 18. Qxd5 Qe8 19. Qxb7 Bxf2+ 20. Kxf2
Qxe5 21. Qc7 Qxc7 22. Rxc7 Rxd1 23. Bxa8 g6 24. Rc4 Rd2 25. Rb4 Bc2 26. Ke3 Rd6
27. Be4 Re6 28. Kf4 Bb3 29. Bd3 Kg7 30. Bb5 Kf6 31. e4 g5+ 32. Ke3 Rb6 1-0

[Event "Quebec op"]
[Site "Montreal CAN"]
[Date "2007.07.21"]
[Round "2"]
[White "Sandipan, Chanda"]
[Black "Roussel-Roozmon, Thomas"]
[Result "1/2-1/2"]
[WhiteElo "2563"]
[BlackElo "2407"]
[PlyCount "54"]
[EventDate "2007.07.20"]
[EventType "swiss"]
[EventRounds "9"]
[EventCountry "CAN"]

1. e4 e5 2. Nf3 Nc6 3. Bb5 Nf6 4. O-O Nxe4 5. d4 Nd6 6. Bxc6 dxc6 7. dxe5 Nf5
8. Qxd8+ Kxd8 9. Nc3 Bd7 10. h3 h6 11. Bf4 Kc8 12. Rad1 b6 13. a3 Ne7 14. Rfe1
Ng6 15. Bg3 Be7 16. Nd4 Nf8 17. Kh1 h5 18. f4 h4 19. Bh2 c5 20. Nf3 Rh5 21. Nd5
Bd8 22. Rd2 Bc6 23. Ne3 g6 24. Rf2 Ne6 25. Nd2 Ng7 26. Ref1 Bd7 27. Ng4 Bf5
1/2-1/2

[Event "Quebec op"]
[Site "Montreal CAN"]
[Date "2007.07.23"]
[Round "4"]
[White "Kovalyov, Anton"]
[Black "Roussel-Roozmon, Thomas"]
[Result "1/2-1/2"]
[WhiteElo "2483"]
[BlackElo "2407"]
[PlyCount "71"]
[EventDate "2007.07.20"]
[EventType "swiss"]
[EventRounds "9"]
[EventCountry "CAN"]

1. c4 c5 2. Nf3 Nc6 3. d4 cxd4 4. Nxd4 Nf6 5. Nc3 e6 6. a3 Be7 7. Nf3 O-O 8. e4
Qc7 9. Bg5 Rd8 10. Be2 d5 11. exd5 exd5 12. cxd5 Nxd5 13. Nxd5 Qa5+ 14. b4 Qxd5
15. Qxd5 Rxd5 16. Bxe7 Nxe7 17. O-O Bf5 18. Rfc1 Rad8 19. Bc4 R5d6 20. h3 Kf8
21. Ne5 Be6 22. Bxe6 Rxe6 23. Nf3 Rc6 24. Ne5 Rxc1+ 25. Rxc1 f6 26. Nf3 Rc8 27.
Rxc8+ Nxc8 28. Kf1 Ke7 29. Ke2 Kd6 30. Nd4 Kd5 31. Kd3 Nd6 32. Ne2 b5 33. Nc3+
Kc6 34. Ne2 Kd5 35. Nc3+ Kc6 36. Ne2 1/2-1/2

[Event "Quebec op"]
[Site "Montreal CAN"]
[Date "2007.07.24"]
[Round "5"]
[White "Roussel-Roozmon, Thomas"]
[Black "Anastasovski, Nikola"]
[Result "1-0"]
[WhiteElo "2407"]
[BlackElo "2055"]
[PlyCount "65"]
[EventDate "2007.07.20"]
[EventType "swiss"]
[EventRounds "9"]
[EventCountry "CAN"]

1. e4 e5 2. Nf3 Nc6 3. Bb5 f5 4. Nc3 Nf6 5. exf5 e4 6. Nh4 d5 7. d3 Bb4 8. dxe4
O-O 9. O-O Bxc3 10. exd5 Nd4 11. Bc4 b5 12. bxc3 Nxc2 13. Qxc2 bxc4 14. Ba3 Rf7
15. Rad1 Bb7 16. Nf3 Nxd5 17. Ne5 Rf6 18. Nxc4 Rh6 19. Bc1 Rxh2 20. Kxh2 Qh4+
21. Kg1 Qxc4 22. Qb3 Qc6 23. Rfe1 Kh8 24. Re6 Nf6 25. Rxc6 Bxc6 26. Qf7 Ng8 27.
Be3 Be8 28. Qxc7 Nf6 29. Qb7 Kg8 30. Qxa8 h6 31. Rd8 Kf7 32. Bd4 Bd7 33. Rf8+
1-0

[Event "Quebec op"]
[Site "Montreal CAN"]
[Date "2007.07.25"]
[Round "6"]
[White "Roussel-Roozmon, Thomas"]
[Black "Kunte, Abhijit"]
[Result "1/2-1/2"]
[WhiteElo "2407"]
[BlackElo "2519"]
[PlyCount "75"]
[EventDate "2007.07.20"]
[EventType "swiss"]
[EventRounds "9"]
[EventCountry "CAN"]

1. Nf3 Nf6 2. c4 e6 3. Nc3 Bb4 4. Qc2 d6 5. a3 Bxc3 6. Qxc3 Nbd7 7. b4 b6 8. e3
Bb7 9. Bb2 O-O 10. Be2 Qe7 11. O-O c5 12. Rfd1 Rfc8 13. d4 a5 14. Qb3 Be4 15.
Nd2 Bc6 16. dxc5 dxc5 17. b5 Bb7 18. Nb1 Nf8 19. Nc3 Qc7 20. Na4 Ne8 21. Qc3 f6
22. f3 Rd8 23. Qe1 Rxd1 24. Rxd1 Rd8 25. Bc3 Rxd1 26. Qxd1 Nd7 27. Be1 Qd6 28.
Bg3 Qxd1+ 29. Bxd1 Kf7 30. Bc2 h6 31. Kf2 Ke7 32. Ke2 Nd6 33. Kd3 e5 34. Kc3
Kd8 35. Bh7 Ke7 36. Bc2 Kd8 37. Bh7 Ke7 38. Bc2 1/2-1/2

[Event "Quebec op"]
[Site "Montreal CAN"]
[Date "2007.07.26"]
[Round "7"]
[White "Shomoev, Anton"]
[Black "Roussel-Roozmon, Thomas"]
[Result "1/2-1/2"]
[WhiteElo "2561"]
[BlackElo "2407"]
[PlyCount "82"]
[EventDate "2007.07.20"]
[EventType "swiss"]
[EventRounds "9"]
[EventCountry "CAN"]

1. d4 Nf6 2. c4 e6 3. Nf3 Bb4+ 4. Bd2 a5 5. Nc3 b6 6. e3 Bb7 7. Bd3 d6 8. Qc2
Nbd7 9. e4 e5 10. a3 exd4 11. Nxd4 Bxc3 12. Bxc3 Nc5 13. f3 a4 14. Nf5 g6 15.
Ne3 Rf8 16. O-O Nfd7 17. Rae1 Ne5 18. Be2 g5 19. Rd1 f6 20. f4 Bxe4 21. Qd2
gxf4 22. Rxf4 Bg6 23. Nd5 Ne4 24. Qe3 Nxc3 25. bxc3 Ra5 26. Rdf1 f5 27. Bd3 Kd7
28. Bxf5+ Bxf5 29. Rxf5 Rxf5 30. Rxf5 Kc8 31. Qf4 Qd7 32. Qe4 Qg7 33. Rh5 h6
34. Ne3 Kb8 35. Rf5 Rc5 36. h3 Ka7 37. Kh2 Qd7 38. Rf6 h5 39. Rf5 Qe8 40. Kh1
Qh8 41. Qc2 Qe8 1/2-1/2

[Event "Quebec op"]
[Site "Montreal CAN"]
[Date "2007.07.27"]
[Round "8"]
[White "Roussel-Roozmon, Thomas"]
[Black "Aveskulov, Valeriy"]
[Result "1-0"]
[WhiteElo "2407"]
[BlackElo "2539"]
[PlyCount "91"]
[EventDate "2007.07.20"]
[EventType "swiss"]
[EventRounds "9"]
[EventCountry "CAN"]

1. Nf3 d5 2. d4 Nf6 3. c4 e6 4. Nc3 Be7 5. Bg5 h6 6. Bh4 O-O 7. e3 b6 8. Be2
dxc4 9. Bxc4 Bb7 10. Qc2 a6 11. a4 Nbd7 12. Rd1 c6 13. O-O b5 14. Be2 Rc8 15.
Ne5 Nxe5 16. dxe5 Nd7 17. Bg3 Qe8 18. Ne4 Nb6 19. Nd6 Bxd6 20. exd6 Qd7 21. a5
Nd5 22. Qc5 Nf6 23. Bf3 Nh7 24. h4 f6 25. Rd2 Rfe8 26. Rc1 Nf8 27. Rdc2 e5 28.
Qb6 Ne6 29. Bxc6 Bxc6 30. Rxc6 Ra8 31. R6c2 Rec8 32. Rxc8+ Rxc8 33. Rxc8+ Qxc8
34. d7 Qxd7 35. Qxa6 Nc7 36. Qb7 Qd6 37. Qb8+ Kh7 38. Qb6 Qxb6 39. axb6 Na6 40.
b7 Kg6 41. e4 Kf7 42. f4 Ke6 43. fxe5 fxe5 44. h5 Nb8 45. Kf2 Nc6 46. Kf3 1-0

[Event "Quebec op"]
[Site "Montreal CAN"]
[Date "2007.07.28"]
[Round "9"]
[White "Huzman, Alexander"]
[Black "Roussel-Roozmon, Thomas"]
[Result "1/2-1/2"]
[WhiteElo "2601"]
[BlackElo "2407"]
[PlyCount "31"]
[EventDate "2007.07.20"]
[EventType "swiss"]
[EventRounds "9"]
[EventCountry "CAN"]

1. Nf3 Nf6 2. c4 c5 3. g3 Nc6 4. Bg2 d6 5. Nc3 g6 6. O-O Bg7 7. d4 cxd4 8. Nxd4
Bd7 9. Nxc6 bxc6 10. e4 Qa5 11. Bd2 Rb8 12. b3 h5 13. Nd5 Qa3 14. Bc1 Qa5 15.
Bd2 Qa3 16. Bc1 1/2-1/2

[Event "CAN-op"]
[Site "Ottawa CAN"]
[Date "2007.07.07"]
[Round "1"]
[White "Huber, Greg"]
[Black "Roussel-Roozmon, Thomas"]
[Result "0-1"]
[WhiteElo "2336"]
[BlackElo "2422"]
[PlyCount "120"]
[EventDate "2007.07.07"]
[EventType "swiss"]
[EventRounds "10"]
[EventCountry "CAN"]

1. e4 e5 2. Nc3 Nf6 3. Bc4 Bc5 4. d3 c6 5. Nf3 d6 6. O-O Bb6 7. Bb3 Bg4 8. h3
Bh5 9. Qe2 Nbd7 10. g4 Bg6 11. Nh4 Nc5 12. Na4 Nxa4 13. Bxa4 Nd7 14. Nxg6 hxg6
15. Kg2 g5 16. Bb3 Nf8 17. Qf3 Qe7 18. Qf5 f6 19. Be3 Rh6 20. Rh1 Ng6 21. Qe6
Qxe6 22. Bxe6 Rd8 23. Bb3 d5 24. exd5 Bxe3 25. fxe3 cxd5 26. c3 d4 27. cxd4
exd4 28. Rae1 Kd7 29. Kg3 Kd6 30. Bd1 Re8 31. exd4 Rxe1 32. Rxe1 Nf4 33. Rh1
Kd5 34. Bf3+ Kxd4 35. Bxb7 Rh8 36. Rh2 Kxd3 37. Ba6+ Ke3 38. b4 g6 39. a4 f5
40. a5 Nd5 41. Re2+ Kd4 42. Rd2+ Ke5 43. Re2+ Kd4 44. Rd2+ Ke5 45. Re2+ Kf6 46.
Bc4 f4+ 47. Kh2 Ne3 48. Bd3 Nxg4+ 49. Kg2 Ne3+ 50. Kf3 Ke5 51. Bxg6 Rxh3+ 52.
Kf2 Rh2+ 53. Ke1 Rxe2+ 54. Kxe2 Nd5 55. Kf3 Nxb4 56. Kg4 Kf6 57. Be4 Na6 58.
Bd3 Nc5 59. Bc4 Nd7 60. Bd5 Ne5+ 0-1

[Event "CAN-op"]
[Site "Ottawa CAN"]
[Date "2007.07.08"]
[Round "2"]
[White "Roussel-Roozmon, Thomas"]
[Black "Mikhalevski, Victor"]
[Result "1/2-1/2"]
[WhiteElo "2422"]
[BlackElo "2590"]
[PlyCount "62"]
[EventDate "2007.07.07"]
[EventType "swiss"]
[EventRounds "10"]
[EventCountry "CAN"]

1. Nf3 Nf6 2. c4 c5 3. Nc3 d5 4. cxd5 Nxd5 5. d4 Nxc3 6. bxc3 g6 7. Bg5 Bg7 8.
e3 O-O 9. Be2 Nd7 10. O-O Nf6 11. Nd2 Be6 12. Bf3 Nd5 13. Ne4 h6 14. Bh4 cxd4
15. cxd4 b6 16. Rc1 Rc8 17. Qa4 g5 18. Bg3 g4 19. Be2 f5 20. Nd2 f4 21. Rxc8
Qxc8 22. Bxf4 Nxf4 23. exf4 Rxf4 24. Qxa7 Qd8 25. Nb3 Bxb3 26. axb3 Bxd4 27. g3
Re4 28. Bc4+ Kg7 29. Qb7 Re5 30. Kh1 Bc5 31. f3 h5 1/2-1/2

[Event "CAN-op"]
[Site "Ottawa CAN"]
[Date "2007.07.08"]
[Round "3"]
[White "Yuan, Yuanling"]
[Black "Roussel-Roozmon, Thomas"]
[Result "1/2-1/2"]
[WhiteElo "2100"]
[BlackElo "2407"]
[PlyCount "103"]
[EventDate "2007.07.07"]
[EventType "swiss"]
[EventRounds "10"]
[EventCountry "CAN"]

1. e4 e5 2. Nf3 Nc6 3. Bb5 a6 4. Ba4 Nf6 5. O-O Be7 6. Re1 b5 7. Bb3 d6 8. c3
O-O 9. h3 Na5 10. Bc2 c5 11. d4 Qc7 12. Nbd2 cxd4 13. cxd4 Nc6 14. Nb3 a5 15.
Be3 a4 16. Nbd2 Bd7 17. Rc1 Qb7 18. Qe2 h6 19. Bd3 Rab8 20. a3 Rfe8 21. Qf1 Bf8
22. Rc2 exd4 23. Nxd4 Ne5 24. Bf4 Nxd3 25. Qxd3 Rbc8 26. Rxc8 Rxc8 27. N4f3 Bc6
28. Nd4 Bd7 29. N4f3 Qc6 30. Nd4 Qb6 31. Nc2 Be6 32. Nb4 Nd7 33. Nb1 Ne5 34.
Qe2 Nc4 35. Nc3 Kh8 36. Rd1 Qb7 37. Ncd5 g6 38. Kh1 Bg7 39. Bc1 Re8 40. Qf3 f5
41. exf5 Bxf5 42. b3 axb3 43. Qxb3 Qa7 44. Qg3 Kh7 45. Bxh6 Qxa3 46. Qh4 Re4
47. Bf4+ Kg8 48. Qd8+ Kh7 49. Qh4+ Kg8 50. Qd8+ Kh7 51. Qh4+ Kg8 52. Qd8+
1/2-1/2

[Event "CAN-op"]
[Site "Ottawa CAN"]
[Date "2007.07.10"]
[Round "5"]
[White "Sandipan, Chanda"]
[Black "Roussel-Roozmon, Thomas"]
[Result "1/2-1/2"]
[WhiteElo "2552"]
[BlackElo "2422"]
[PlyCount "95"]
[EventDate "2007.07.07"]
[EventType "swiss"]
[EventRounds "10"]
[EventCountry "CAN"]

1. d4 Nf6 2. c4 e6 3. Nf3 c5 4. d5 exd5 5. cxd5 d6 6. Nc3 g6 7. h3 a6 8. a4 Qe7
9. Bf4 Nbd7 10. e3 Bg7 11. Be2 O-O 12. O-O Rb8 13. Re1 Ne8 14. Qd2 Nc7 15. Bf1
Re8 16. e4 Ne5 17. Nxe5 Bxe5 18. Bxe5 Qxe5 19. f4 Qd4+ 20. Qxd4 cxd4 21. Na2
Bd7 22. b3 a5 23. Rad1 Na6 24. Rxd4 Nc5 25. Nc1 b5 26. axb5 Bxb5 27. Bxb5 Rxb5
28. e5 Nxb3 29. Nxb3 Rxb3 30. Rc1 Rb6 31. Rc7 Ra6 32. exd6 Rxd6 33. Ra7 Re1+
34. Kf2 Ra1 35. Ke3 Kg7 36. g4 h6 37. Rc4 Rd1 38. Rcc7 R1xd5 39. Rxf7+ Kg8 40.
Rg7+ Kf8 41. Rh7 Kg8 42. Rxh6 Rd3+ 43. Kf2 Ra3 44. Ke2 Rb6 45. Kd2 Rb2+ 46. Kc1
Rh2 47. Rxg6+ Kh8 48. Rh6+ 1/2-1/2

[Event "CAN-op"]
[Site "Ottawa CAN"]
[Date "2007.07.11"]
[Round "6"]
[White "Roussel-Roozmon, Thomas"]
[Black "Aveskulov, Valeriy"]
[Result "0-1"]
[WhiteElo "2427"]
[BlackElo "2539"]
[PlyCount "110"]
[EventDate "2007.07.07"]
[EventType "swiss"]
[EventRounds "10"]
[EventCountry "CAN"]

1. Nf3 c5 2. c4 Nc6 3. d4 cxd4 4. Nxd4 Nf6 5. g3 d6 6. Bg2 Bd7 7. Nc3 g6 8. O-O
Bg7 9. Nc2 Qc8 10. e4 Bh3 11. Qe2 h5 12. Bxh3 Qxh3 13. f3 Rc8 14. Bd2 Nd7 15.
Qg2 Qe6 16. b3 h4 17. g4 h3 18. Qe2 Nc5 19. Rac1 g5 20. Nd5 Qg6 21. Be1 e6 22.
Nde3 Be5 23. Bg3 Qf6 24. Rcd1 Rd8 25. Rd2 Bf4 26. Bxf4 Qxf4 27. Nd4 Ne5 28. Nd1
Ng6 29. Qe3 Qf6 30. Nb5 Ke7 31. Nxa7 Ne5 32. Nb5 Rh4 33. Rxd6 Rc8 34. Rf2 Nxg4
35. fxg4 Rxg4+ 36. Kf1 Qe5 37. Qc3 Rxe4 38. Qxe5 Rxe5 39. Ndc3 Re3 40. Rfd2 f5
41. R6d4 g4 42. b4 Na6 43. c5 g3 44. hxg3 Rxg3 45. Rh4 Rcg8 46. a3 Rg1+ 47. Ke2
R8g3 48. Rc2 f4 49. Rh7+ Kf8 50. Nd1 f3+ 51. Kd2 Kg8 52. Rh4 R3g2+ 53. Kc1
Rxd1+ 54. Kxd1 Rg1+ 55. Kd2 f2 0-1

[Event "CAN-op"]
[Site "Ottawa CAN"]
[Date "2007.07.12"]
[Round "7"]
[White "Upper, John"]
[Black "Roussel-Roozmon, Thomas"]
[Result "0-1"]
[WhiteElo "2123"]
[BlackElo "2427"]
[PlyCount "78"]
[EventDate "2007.07.07"]
[EventType "swiss"]
[EventRounds "10"]
[EventCountry "CAN"]

1. d4 Nf6 2. Nf3 e6 3. Bf4 c5 4. c3 b6 5. e3 Bb7 6. Nbd2 Nc6 7. Bd3 Be7 8. Qe2
Nh5 9. Bg3 Rc8 10. Rd1 d6 11. dxc5 bxc5 12. e4 O-O 13. e5 d5 14. Ng5 Bxg5 15.
Qxh5 g6 16. Qh3 Kg7 17. Nf3 Be7 18. Bf4 h5 19. Rg1 Rh8 20. Qg3 h4 21. Qg4 Rh5
22. h3 Qc7 23. g3 Rch8 24. gxh4 Kf8 25. Kf1 Bxh4 26. Re1 Ne7 27. Bg5 Bxg5 28.
Nxg5 Nf5 29. Qa4 Bc6 30. Qa3 Qe7 31. f4 Rxh3 32. Bxf5 Bb5+ 33. Kf2 Rh2+ 34. Kg3
gxf5 35. Rg2 R2h4 36. b4 d4 37. Rgg1 Rg4+ 38. Kf3 Qb7+ 39. Ne4 Rxg1 0-1

[Event "CAN-op"]
[Site "Ottawa CAN"]
[Date "2007.07.13"]
[Round "8"]
[White "Roussel-Roozmon, Thomas"]
[Black "Vincent, Trevor"]
[Result "1-0"]
[WhiteElo "2427"]
[BlackElo "2199"]
[PlyCount "267"]
[EventDate "2007.07.07"]
[EventType "swiss"]
[EventRounds "10"]
[EventCountry "CAN"]

1. e4 c5 2. Nf3 Nc6 3. d4 cxd4 4. Nxd4 e6 5. Nb5 d6 6. c4 Nf6 7. N1c3 a6 8. Na3
Be7 9. Be2 O-O 10. O-O b6 11. Be3 Ne5 12. f4 Ned7 13. Bf3 Bb7 14. Qe2 Rc8 15.
Rac1 h6 16. Nab1 Re8 17. Nd2 Qc7 18. Kh1 Qb8 19. a3 Kh8 20. Rfe1 Bd8 21. b4 Bc7
22. Nb3 Qa8 23. Bf2 Nf8 24. Bg3 Ng6 25. Qd2 Red8 26. Qe3 Re8 27. Qf2 Kg8 28.
Nd2 Red8 29. f5 Ne5 30. Bxe5 dxe5 31. fxe6 fxe6 32. Qe2 Rd7 33. Nb3 Rcd8 34. c5
b5 35. Qc2 Bc6 36. Re2 Qc8 37. Rd1 Rxd1+ 38. Nxd1 g5 39. g3 Qd7 40. Rd2 Qh7 41.
Rxd8+ Bxd8 42. Nf2 Bc7 43. Kg1 Qf7 44. Qe2 Kg7 45. Kf1 g4 46. Bg2 h5 47. Ke1
Qd7 48. Qd2 Kg6 49. Qxd7 Nxd7 50. Kd2 Bb7 51. Nd1 Nb8 52. Kd3 Nc6 53. Bf1 a5
54. Kc3 a4 55. Nd2 Nd4 56. Ne3 Bc6 57. Nc2 Kf6 58. Kd3 Bb8 59. Bg2 Be8 60. Nb1
Nc6 61. Nc3 Na7 62. Bf1 Bc7 63. Ne3 Kg5 64. Be2 Bg6 65. Kd2 Be8 66. Ke1 Bd8 67.
Kf2 Kg6 68. Bf1 Bg5 69. h3 gxh3 70. Bxh3 Kf6 71. Bf1 Bc6 72. Be2 Kg6 73. Kf3
Bf6 74. Bf1 Bg5 75. Ke2 Kf6 76. Kd3 Kg6 77. Bh3 Kf6 78. Kd2 Ke7 79. Bf1 Kf6 80.
Bd3 Bh6 81. Ne2 Be8 82. Ng1 Bg5 83. Nf3 Bh6 84. Ke2 Bc6 85. Ng1 Be8 86. Kd2 Bg5
87. Nh3 Bh6 88. Nf2 Kg6 89. Be2 Bc6 90. Bd3 Be8 91. Nfd1 Kf6 92. Ke1 Kg5 93.
Kf2 Bc6 94. Kg2 Be8 95. Kh3 Kg6 96. Nc2 Bg5 97. Nde3 Kh6 98. Nf1 Kg6 99. Nh2
Kf6 100. Nf3 Bc1 101. Kh4 Bg6 102. g4 hxg4 103. Kxg4 Be8 104. Nh4 Bc6 105. Ng2
Nc8 106. Nge3 Ne7 107. Nd1 Nc8 108. Nc3 Na7 109. Ne2 Bd2 110. Kf3 Nc8 111. Ne3
Bxe3 112. Kxe3 Kg5 113. Kf3 Be8 114. Kg3 Bc6 115. Nc3 Na7 116. Bf1 Be8 117. Bh3
Kf6 118. Bf1 Kg5 119. Nb1 Nc8 120. Nd2 Ne7 121. Nf3+ Kf6 122. Kg4 Bc6 123. Nd2
Be8 124. Nb1 Nc8 125. Nc3 Na7 126. Kh4 Kg6 127. Be2 Kf6 128. Bd3 Kg6 129. Nd1
Kf6 130. Ne3 Kf7 131. Kg5 Ke7 132. Ng4 Nc6 133. Bxb5 Nxb4 134. Bxe8 1-0

[Event "CAN-op"]
[Site "Ottawa CAN"]
[Date "2007.07.14"]
[Round "9"]
[White "Ernst, Sipke"]
[Black "Roussel-Roozmon, Thomas"]
[Result "1/2-1/2"]
[WhiteElo "2555"]
[BlackElo "2427"]
[PlyCount "144"]
[EventDate "2007.07.07"]
[EventType "swiss"]
[EventRounds "10"]
[EventCountry "CAN"]

1. d4 Nf6 2. c4 e6 3. Nf3 c5 4. e3 a6 5. Nc3 d5 6. cxd5 exd5 7. Be2 Nc6 8. O-O
Bd6 9. dxc5 Bxc5 10. b3 O-O 11. Bb2 Ba7 12. Rc1 Re8 13. Qd3 d4 14. exd4 Bxd4
15. Nxd4 Nxd4 16. Rfd1 Nxe2+ 17. Qxe2 Qa5 18. Qd2 Bd7 19. Ne4 Qxd2 20. Nxf6+
gxf6 21. Rxd2 Bc6 22. Bxf6 Re6 23. Bh4 Rae8 24. f3 Re2 25. Rcc2 Rxd2 26. Rxd2
Kg7 27. Kf2 Kg6 28. Rd4 h5 29. Bg3 Re7 30. Rd6+ Re6 31. Rd2 Re7 32. Rc2 Rd7 33.
Bf4 Rd4 34. Be3 Rd3 35. Rc5 Rd5 36. Rc1 Rd3 37. h3 Rd5 38. Kg3 Rd3 39. Kf2 Rd5
40. Rc4 Ra5 41. Rc2 Rd5 42. Bd2 Rd3 43. Ke2 Rd5 44. a4 Rd8 45. Rc5 Rd5 46. Rc4
Rd7 47. Be3 Rd6 48. Rf4 Bd5 49. b4 Bc6 50. a5 Bb5+ 51. Kf2 Rd5 52. Re4 Bc6 53.
Rc4 Rd3 54. Rc2 Rd5 55. Bc1 Rd4 56. Rc5 Rd5 57. Rc4 Rd1 58. g4 Rd5 59. Be3 Rd3
60. Rf4 Rd5 61. Bd4 hxg4 62. fxg4 f5 63. Kg3 fxg4 64. hxg4 Kg5 65. Bf6+ Kg6 66.
Be7 Re5 67. Bc5 Re4 68. Rf8 Re8 69. Rf1 Re4 70. Rf8 Re8 71. Rf5 Re4 72. Kh4
Rxg4+ 1/2-1/2

[Event "CAN-op"]
[Site "Ottawa CAN"]
[Date "2007.07.15"]
[Round "10"]
[White "Roussel-Roozmon, Thomas"]
[Black "Djerkovic, Miladin"]
[Result "1-0"]
[WhiteElo "2427"]
[BlackElo "2248"]
[PlyCount "77"]
[EventDate "2007.07.07"]
[EventType "swiss"]
[EventRounds "10"]
[EventCountry "CAN"]

1. d4 Nf6 2. c4 e6 3. Nc3 Bb4 4. Qc2 O-O 5. a3 Bxc3+ 6. Qxc3 b6 7. Bg5 Ba6 8.
Qf3 Nc6 9. e3 Bb7 10. Qd1 d6 11. Ne2 h6 12. Bh4 Nb8 13. Nc3 Nbd7 14. f3 d5 15.
Be2 c5 16. O-O a6 17. Rc1 Rc8 18. cxd5 exd5 19. Re1 Re8 20. Bf1 g5 21. Bf2 c4
22. Ne2 Nh5 23. g4 Ng7 24. Ng3 Nf8 25. Qd2 Ng6 26. Be2 Qd7 27. Bd1 Re7 28. Bc2
Nh4 29. Qd1 h5 30. Nxh5 Nxh5 31. Bxh4 Rce8 32. Bxg5 f6 33. Bh4 Ng7 34. Bxf6
Rxe3 35. Rxe3 Rxe3 36. Bg5 Re8 37. Qd2 Qf7 38. Rf1 Bc8 39. h3 1-0

[Event "Balaton GM"]
[Site "Balatonlelle HUN"]
[Date "2007.06.16"]
[Round "1"]
[White "Roussel-Roozmon, Thomas"]
[Black "Spiess, Gunter"]
[Result "1/2-1/2"]
[WhiteElo "2422"]
[BlackElo "2398"]
[PlyCount "53"]
[EventDate "2007.06.16"]
[EventType "tourn"]
[EventRounds "9"]
[EventCountry "HUN"]
[EventCategory "9"]
[Source "Mark Crowther"]
[SourceDate "2007.07.02"]

1. d4 d5 2. c4 c6 3. Nf3 Nf6 4. e3 e6 5. Bd3 Nbd7 6. O-O Bd6 7. Nbd2 O-O 8. e4
dxe4 9. Nxe4 Nxe4 10. Bxe4 h6 11. Bc2 e5 12. Re1 Bb4 13. Re2 exd4 14. a3 Ba5
15. b4 Bc7 16. Qd3 Nf6 17. Bb2 Bg4 18. Rd1 Qd6 19. Qxd4 Qxd4 20. Bxd4 Rfe8 21.
Rxe8+ Rxe8 22. h3 Be6 23. c5 Nh5 24. Be5 Bxe5 25. Nxe5 Bd5 26. Re1 Nf4 27. Nd3
1/2-1/2

[Event "Balaton GM"]
[Site "Balatonlelle HUN"]
[Date "2007.06.17"]
[Round "2"]
[White "Berczes, David"]
[Black "Roussel-Roozmon, Thomas"]
[Result "1-0"]
[WhiteElo "2442"]
[BlackElo "2422"]
[PlyCount "113"]
[EventDate "2007.06.16"]
[EventType "tourn"]
[EventRounds "9"]
[EventCountry "HUN"]
[EventCategory "9"]
[Source "Mark Crowther"]
[SourceDate "2007.07.02"]

1. d4 d5 2. c4 c6 3. Nf3 Nf6 4. Nc3 a6 5. cxd5 cxd5 6. Bf4 Nc6 7. e3 Bg4 8. h3
Bxf3 9. Qxf3 e6 10. Bd3 Rc8 11. O-O Be7 12. Rfc1 O-O 13. Qd1 Nd7 14. Na4 b5 15.
Nc3 Na5 16. a4 b4 17. Ne2 Nc4 18. b3 Nb2 19. Rxc8 Qxc8 20. Bxh7+ Kxh7 21. Qb1+
Kg8 22. Qxb2 Qb7 23. Rc1 Rc8 24. Rxc8+ Qxc8 25. Qc1 Nb6 26. Bc7 Nd7 27. Ba5
Qxc1+ 28. Nxc1 Nb8 29. Nd3 Nc6 30. Bb6 f6 31. Kf1 Kf7 32. Ke2 Bd6 33. f3 f5 34.
Bc5 Ke7 35. f4 Kd7 36. Kf3 Ke7 37. Kg3 Bxc5 38. Nxc5 Nb8 39. Kh4 Kf6 40. Kh5 a5
41. g3 Nc6 42. Nd7+ Ke7 43. Ne5 Nd8 44. Kg6 Kf8 45. Kh7 Nb7 46. Nc6 Kf7 47. g4
fxg4 48. hxg4 Kf6 49. g5+ Kf7 50. Ne5+ Kf8 51. Nd7+ Ke7 52. Nc5 Nd6 53. Kxg7
Nf5+ 54. Kh7 Nxe3 55. g6 Ng4 56. g7 Nf6+ 57. Kg6 1-0

[Event "Balaton GM"]
[Site "Balatonlelle HUN"]
[Date "2007.06.18"]
[Round "3"]
[White "Roussel-Roozmon, Thomas"]
[Black "Vajda, Levente"]
[Result "0-1"]
[WhiteElo "2422"]
[BlackElo "2549"]
[PlyCount "68"]
[EventDate "2007.06.16"]
[EventType "tourn"]
[EventRounds "9"]
[EventCountry "HUN"]
[EventCategory "9"]
[Source "Mark Crowther"]
[SourceDate "2007.07.02"]

1. Nf3 Nf6 2. c4 g6 3. Nc3 Bg7 4. e4 d6 5. d4 O-O 6. Be2 Nbd7 7. O-O e5 8. Be3
a5 9. d5 Nc5 10. Nd2 Bd7 11. b3 Qc8 12. a3 Ng4 13. Bxg4 Bxg4 14. Qc2 Na6 15.
Qb2 c5 16. f3 Bd7 17. Nb5 Qb8 18. Nb1 f5 19. Qe2 Rf7 20. N1c3 b6 21. f4 Qf8 22.
Rae1 Re8 23. fxe5 Bxe5 24. exf5 gxf5 25. Qf3 f4 26. Bd2 Qh6 27. Re4 Ref8 28.
Ne2 Bxb5 29. cxb5 Nc7 30. Qd3 Qg6 31. Rf3 Rg7 32. g3 fxg3 33. Rxf8+ Kxf8 34.
hxg3 Bxg3 0-1

[Event "Balaton GM"]
[Site "Balatonlelle HUN"]
[Date "2007.06.19"]
[Round "4"]
[White "Varga, Zoltan"]
[Black "Roussel-Roozmon, Thomas"]
[Result "1/2-1/2"]
[WhiteElo "2499"]
[BlackElo "2422"]
[PlyCount "22"]
[EventDate "2007.06.16"]
[EventType "tourn"]
[EventRounds "9"]
[EventCountry "HUN"]
[EventCategory "9"]
[Source "Mark Crowther"]
[SourceDate "2007.07.02"]

1. e4 e5 2. Nf3 Nc6 3. Bb5 Nf6 4. O-O Nxe4 5. Re1 Nd6 6. Nxe5 Be7 7. Bf1 Nxe5
8. Rxe5 O-O 9. d4 Bf6 10. Re1 Nf5 11. c3 d5 1/2-1/2